Educación física. Primer ciclo básico-Módulo 2. Aprender desde la alegría de moverse

Guardat en:
Dades bibliogràfiques
Autors principals: Araya C., Elisa (Autor), Retamal S., Jaime (Autor)
Format: Llibre
Idioma:espanyol
Publicat: Santiago Ministerio de Educación 2006
Edició:1a. ed
Col·lecció:Talleres Comunales Formación Continua Docente 2006
Matèries:
Etiquetes: Afegir etiqueta
Sense etiquetes, Sigues el primer a etiquetar aquest registre!

MARC

LEADER 00000nam a2200000 a 4500
001 UCI3641
003 CL-VaPUC
008 071123e20060000CL |||||||||||||||||spa|d
082 0 4 |a 372.86  |b ARA  |2 21 
100 0 |a Araya C., Elisa  |e author  |9 525076 
700 0 |a Retamal S., Jaime  |e author  |9 525077 
245 1 0 |a Educación física. Primer ciclo básico-Módulo 2. Aprender desde la alegría de moverse 
250 |a 1a. ed 
300 |a 144 p 
942 |c BK 
945 |d 20071123 00:00:00  |a rbrito 
260 |a Santiago  |b Ministerio de Educación  |c 2006 
650 0 |a Educación física  |9 240893 
650 7 |a ENSEÑANZA DE LA EDUCACION FISICA  |2 CL-VaPUC  |9 394746 
650 7 |a PROFESORES DE EDUCACION FISICA  |2 CL-VaPUC  |9 525078 
650 0 |a Métodos de enseñanza  |9 270413 
583 |a last modification  |c 20071123 00:00:00  |k Rodrigo Vera 
490 0 |a Talleres Comunales Formación Continua Docente 2006 
999 |c 327773  |d 327771 
952 |0 0  |1 0  |4 0  |6 372_860000000000000_ARA_2006  |7 0  |8 A  |9 411194  |a BIBEDU  |b BIBEDU  |d 2019-11-22  |i 4391748  |o 372.86 ARA 2006  |p 4391748  |r 2019-11-22  |w 2019-11-22  |y BK  |k EPE 
952 |0 0  |1 0  |4 0  |6 372_860000000000000_ARA_2006  |7 0  |8 A  |9 411195  |a BIBEDU  |b BIBEDU  |d 2019-11-22  |i 4391756  |o 372.86 ARA 2006  |p 4391756  |r 2019-11-22  |w 2019-11-22  |y BK  |k EPE